Diálogos interdisciplinarios sobre las mujeres : historia, arte, literatura /

Gardado en:
Detalles Bibliográficos
Autor Corporativo: Encuentro Nacional de Investigaciones sobre Mujeres y Perspectiva de Género ( Zacatecas)
Outros autores: Terán Elizondo, María Isabel (coordinación) (coordinación)
Formato: Procedimiento de la conferencia Libro
Idioma:Lingua castelá
Publicado: Zacatecas, México : Universidad Autónoma de Zacatecas, Unidad Académica de Estudios de las Humanidades y las Artes, 2009, c2009
Temas:
Etiquetas: Engadir etiqueta
Sen Etiquetas, Sexa o primeiro en etiquetar este rexistro!

MARC

LEADER 00000nam^a2200000^a^4500
001 000311168
005 20251006000000.0
009 20260310113037.525
020 |a 978-607-7678-02-1 
037 |a Acervo ITESO - Biblioteca 
041 |a ESP 
082 |a 305. 420972  |b ENC 2007 
111 |a Encuentro Nacional de Investigaciones sobre Mujeres y Perspectiva de Género (  |n 3° :  |d 2007 :  |c Zacatecas) 
245 1 0 |a Diálogos interdisciplinarios sobre las mujeres :  |b historia, arte, literatura /  |c Coord. de M.I. Terán Elizondo. 
264 4 |a Zacatecas, México :  |b Universidad Autónoma de Zacatecas, Unidad Académica de Estudios de las Humanidades y las Artes,  |c 2009, c2009 
300 |a 291 p. 
336 |a texto  |b txt  |2 rdacontenido 
337 |a sin mediación  |b n  |2 rdamedio 
338 |a volumen  |b nc  |2 rdasoporte 
649 |a XX 
650 |a Ferrocarrileros -  |z Aguascalientes 
650 |a Profesores -  |z Guanajuato 
650 |a Mujeres -  |x Condiciones Laborales 
650 |a Mujeres -  |z Aguascalientes 
650 |a Mujeres en la Música 
650 |a Mujeres -  |z Zacatecas (Ciudad) -  |z Condiciones Jurídicas 
650 |a Mujeres en los Medios de Comunicación -  |z México -  |x Historia -  |y Siglo XIX 
650 |a Mujeres en el Teatro -  |z México 
650 |a Mujeres en la Literatura 
650 |a Mujeres en el Cine -  |z México 
650 |a Cuerpo Humano en la Literatura 
650 |a Dote -  |z Zacatecas -  |x Historia -  |y Siglo XVIII 
650 |a Abuso Sexual Infantil -  |z Zacatecas -  |x Historia -  |y Porfirismo, 1867-1911 
650 |a Violencia Doméstica -  |z Zacatecas (Ciudad) 
650 |a Adulterio -  |z Zacatecas -  |x Historia -  |y Siglo XVIII 
650 |a Pecado -  |z Zacatecas -  |x Historia -  |y Siglo XVIII 
650 |a Igualdad y Desigualdad -  |z México 
650 |a Estereotipo -  |z México 
650 |a Investigación -  |x Metodología 
650 |a Lectura -  |x Aspectos Sociales y Culturales 
650 |a Educación Media Superior 
650 |a Educación Rural 
650 |a Educación -  |z Guanajuato -  |x Historia 
650 |a Prensa -  |z México -  |x Historia -  |y Siglo XIX 
650 |a Teatro Mexicano -  |x Historia y Crítica 
650 |a Literatura Erótica -  |x Historia y Crítica 
650 |a Literatura Mexicana -  |y Siglo XIX 
650 |a Literatura Mexicana -  |y Siglo XX 
650 |a Literatura Mexicana -  |x Historia y Crítica 
650 |a Música Barroca -  |x Historia y Crítica 
650 |a Cine Mexicano -  |y Siglo XX 
650 |a Cine Mexicano -  |x Historia y Crítica 
650 |a Derecho Penal -  |z Zacatecas -  |x Historia -  |y Epoca Colonial, 1517-1821 
650 |a Zonas Rurales -  |z México -  |x Condiciones Sociales y Culturales 
650 |a Género 
650 |a Sociología 
650 |a Díaz Covarrubias, Juan 
650 |a Rulfo, Juan 
650 |a Händel, Georg Friedrich 
650 |a Baudelaire, Charles 
700 |a Terán Elizondo, María Isabel  |e (coordinación) 
910 |a Fondo General 
920 |a Impresos - Libros 
930 |a Colección General 
905 |a 101 
901 |a 0500197645  |b IT1  |c ACC  |i C126786  |u 20250521 
902 |a https://opac.biblio.iteso.mx/vufind/Record/000311168